| 000 | 00854cam a2200205 4500 | ||
|---|---|---|---|
| 008 | 090401t1972 xxu||||| |||| 00| 0 eng d | ||
| 020 | _a0900361352 | ||
| 035 | _a(Sirsi) u11239 | ||
| 041 | _aeng | ||
| 050 | _a711.14 | ||
| 100 | _aLawrance, David Malcolm | ||
| 245 | _aCompulsory purchase and compensation: an outline of the law governing the compulsory acquisition of land for public purposes and the compensation payable in relation thereto | ||
| 260 |
_aLondon _bEstates Gazette _c1972 |
||
| 300 | _axix. 342p. forms. 23cm. index | ||
| 350 | _a3 | ||
| 520 | _aIncludes the texts of the Land Compensation Act 1961, Parts II and III and first and second schedules; the Compulsory Purchase Act 1965; the Town and Country Planning Act 1971, section 142 and seventeenth schedule | ||
| 700 | _aMoore, Victor | ||
| 942 | _n0 | ||
| 948 | _c04/03/1997 | ||
| 999 |
_c86838 _d86838 |
||